[Event "Prague International Open"]
[Site "Prague CZE"]
[Date "2019.03.11"]
[Round "4.4"]
[White "Nguyen, Piotr"]
[Black "Martin Duque, Jesus"]
[Result "1/2-1/2"]
[WhiteTitle "IM"]
[BlackTitle "FM"]
[WhiteElo "2419"]
[BlackElo "2347"]
[WhiteFideId "1127993"]
[BlackFideId "2208954"]
[EventDate "2019.03.09"]

1. d4 Nf6 2. Nf3 d5 3. Bf4 c5 4. e3 Nc6 5. Nbd2 e6 6. c3 cxd4 7. exd4 Nh5 8. Be3
Bd6 9. Ne5 g6 10. Be2 Ng7 11. f4 f6 12. Nd3 O-O 13. O-O b6 14. Qa4 Qd7 15. Bg4
Qb7 16. Rae1 Bd7 17. Qc2 Rac8 18. Nb3 a5 19. a3 Ne7 20. g3 Nef5 21. Nbc1 Bb8 22.
Nf2 Bb5 23. Ncd3 Qa6 24. Qd1 Nd6 25. Be2 Qb7 26. Bc1 Qd7 27. Bf3 Bc4 28. a4 Ba6
29. Qb3 Nc4 30. Re2 Bb7 31. Rfe1 Bc6 32. Qd1 Nd6 33. b3 Bb7 34. Bb2 Ba7 35. Bg2
Kh8 36. Qa1 Rfe8 37. Ba3 Bb8 38. Ng4 Nh5 39. Ndf2 Ba6 40. Rc2 Nf5 41. Rec1 Qd8
42. Nd1 Nhxg3 43. hxg3 h5 44. Nge3 Nxg3 45. c4 Bxf4 46. Qb2 f5 47. Rf2 Qg5 48.
Rxf4 Qxf4 49. Qf2 Qxf2+ 50. Kxf2 f4 51. Kf3 fxe3 52. Kxg3 e2 53. Nc3 dxc4 54. b4
axb4 55. Bxb4 Kh7 56. Ne4 Rf8 57. Bxf8 Rxf8 58. Bf3 Bb7 59. Ng5+ Kh6 60. Re1
Kxg5 61. Bxb7 Rf4 62. Rxe2 Rxd4 63. Rxe6 Rd3+ 64. Kf2 Ra3 65. Bc6 c3 66. Be8 c2
67. Rxg6+ Kf4 68. Rf6+ Kg5 69. Rc6 Rxa4 70. Rxc2 Rb4 71. Rd2 h4 72. Kg2 Kf4 73.
Kh3 Ke3 74. Rd8 Rd4 75. Rb8 Rb4 76. Bd7 Kd2 77. Bg4 Rb3+ 78. Kxh4 b5 79. Kg5 b4
80. Kf4 Kc3 81. Bf5 Ra3 82. Ke3 Ra7 83. Rc8+ Kb2 84. Kd3 Ra3+ 85. Kd4 Rg3 86.
Rb8 b3 87. Kc4 Rc3+ 88. Kb4 Rf3 89. Be6 Rf4+ 90. Kc5 Rf3 91. Kb4 Rf4+ 92. Kc5
Rf3 93. Kd4 Kc2 94. Rc8+ Kd2 95. Rh8 Rf4+ 96. Ke5 b2 97. Rb8 Kc1 98. Rc8+ Kd2
99. Rb8 Kc1 100. Kxf4 b1=Q 101. Rxb1+ Kxb1 1/2-1/2

[Event "Prague International Open"]
[Site "Prague CZE"]
[Date "2019.03.11"]
[Round "4.5"]
[White "Lavrov, Maxim1"]
[Black "Van den Doel, Erik"]
[Result "1/2-1/2"]
[WhiteTitle "IM"]
[BlackTitle "GM"]
[WhiteElo "2387"]
[BlackElo "2610"]
[WhiteFideId "4166418"]
[BlackFideId "1003720"]
[EventDate "2019.03.09"]

1. e4 e5 2. Nf3 Nc6 3. Bc4 Bc5 4. d3 Nf6 5. c3 O-O 6. Bb3 d5 7. Qe2 d4 8. O-O
Rb8 9. Bg5 Be7 10. h3 h6 11. Bh4 Nh5 12. Bg3 Nxg3 13. fxg3 Bf6 14. Nbd2 Na5 15.
cxd4 exd4 16. Rac1 Nxb3 17. Nxb3 b6 18. e5 Bg5 19. Nxg5 hxg5 20. Nd2 Qe7 21. Ne4
Qxe5 22. Qh5 Ba6 23. Rce1 Qa5 24. b4 Qxb4 25. Qxg5 f5 26. Qh5 fxe4 27. Qd5+ Kh8
28. Qh5+ Kg8 1/2-1/2

[Event "Prague International Open"]
[Site "Prague CZE"]
[Date "2019.03.11"]
[Round "4.6"]
[White "Sedlak, Nikola"]
[Black "Sokolov, Alexander"]
[Result "0-1"]
[WhiteTitle "GM"]
[BlackTitle "FM"]
[WhiteElo "2605"]
[BlackElo "2393"]
[WhiteFideId "922900"]
[BlackFideId "4119177"]
[EventDate "2019.03.09"]

1. Nf3 Nf6 2. g3 g6 3. b3 Bg7 4. Bb2 O-O 5. Bg2 d6 6. d4 c5 7. c4 cxd4 8. Nxd4
Qc7 9. O-O Nc6 10. Nc3 Bd7 11. Rc1 Nxd4 12. Qxd4 Bc6 13. e4 Qb6 14. Qd2 a5 15.
Nd5 Bxd5 16. exd5 Nd7 17. Bxg7 Kxg7 18. Rfe1 Rfe8 19. Re4 Nf6 20. Rh4 h5 21. Bf3
Rh8 22. Qb2 Rae8 23. Re1 Qc7 24. Rhe4 Kg8 25. R4e3 h4 26. g4 h3 27. Bd1 Rh4 28.
Rg3 b5 29. g5 Ne4 30. Rg4 Rxg4+ 31. Bxg4 Nxg5 32. Qd2 f6 33. f4 f5 34. fxg5 fxg4
35. Re6 Qc5+ 36. Kh1 Rf8 37. Qd3 Rf2 38. Re3 Kf7 39. Rg3 bxc4 0-1

[Event "Prague International Open"]
[Site "Prague CZE"]
[Date "2019.03.11"]
[Round "4.7"]
[White "Biriukov, Nikolai"]
[Black "Zubov, Alexander"]
[Result "0-1"]
[WhiteTitle "IM"]
[BlackTitle "GM"]
[WhiteElo "2372"]
[BlackElo "2605"]
[WhiteFideId "14103842"]
[BlackFideId "14109409"]
[EventDate "2019.03.09"]

1. c4 e5 2. g3 Nf6 3. Bg2 d5 4. cxd5 Nxd5 5. Nc3 Nb6 6. Nf3 Nc6 7. O-O Be7 8. a3
O-O 9. b4 Be6 10. d3 a5 11. b5 Nd4 12. Nd2 Qc8 13. e3 Nf5 14. Qc2 a4 15. Nce4
Nd6 16. Bb2 f6 17. Rfc1 Nxb5 18. Nc5 Ra7 19. Nxe6 Qxe6 20. d4 exd4 21. exd4 c6
22. Re1 Qf7 23. Bh3 Nc7 24. d5 Nbxd5 25. Bd4 Ra6 26. Rab1 c5 27. Rxe7 Qxe7 28.
Bxc5 Rc6 29. Bxe7 Rxc2 30. Bxf8 Kxf8 31. Nf3 b5 32. Nd4 Nc3 33. Re1 Ra2 34. Nc6
Rxa3 35. Re7 N7d5 36. Rd7 Ra1+ 37. Kg2 Re1 38. Bf5 a3 0-1

[Event "Prague International Open"]
[Site "Prague CZE"]
[Date "2019.03.11"]
[Round "4.8"]
[White "Bernadskiy, Vitaliy"]
[Black "Plischki, Sebastian"]
[Result "1/2-1/2"]
[WhiteTitle "GM"]
[BlackTitle "IM"]
[WhiteElo "2581"]
[BlackElo "2397"]
[WhiteFideId "14100371"]
[BlackFideId "4637143"]
[EventDate "2019.03.09"]

1. e4 Nf6 2. e5 Nd5 3. d4 d6 4. c4 Nb6 5. exd6 cxd6 6. Nc3 g6 7. Be3 Bg7 8. Rc1
O-O 9. b3 Bf5 10. Be2 e5 11. Nf3 e4 12. Ng5 d5 13. c5 Nc8 14. g4 Be6 15. Qd2 Nc6
16. h4 Qd7 17. Rg1 N8e7 18. h5 gxh5 19. gxh5 Kh8 20. Nxe6 fxe6 21. Bg4 1/2-1/2

[Event "Prague International Open"]
[Site "Prague CZE"]
[Date "2019.03.11"]
[Round "4.9"]
[White "Szotkowski, Jakub"]
[Black "Sivuk, Vitaly"]
[Result "0-1"]
[WhiteTitle "IM"]
[BlackTitle "GM"]
[WhiteElo "2383"]
[BlackElo "2514"]
[WhiteFideId "330590"]
[BlackFideId "14116502"]
[EventDate "2019.03.09"]

1. d4 Nf6 2. c4 e6 3. g3 d5 4. Bg2 Bb4+ 5. Bd2 Bd6 6. Nf3 O-O 7. O-O c6 8. Qc2
Nbd7 9. Rd1 Ne4 10. Be1 f5 11. b4 Qe7 12. b5 cxb5 13. c5 Bc7 14. a4 bxa4 15.
Rxa4 Nb8 16. Qa2 Nc6 17. Na3 a6 18. Nb5 Bb8 19. Rb1 Bd7 20. Ra3 Be8 21. Nd2 axb5
22. Rxa8 Nc3 23. Qb2 Nxb1 24. Nxb1 f4 25. Na3 b4 26. Nc2 Qf6 27. e3 fxe3 28.
fxe3 Qg5 29. Qb3 Qg4 30. Nxb4 Qe2 31. Ra1 Bg6 32. Nxc6 bxc6 33. Qa2 Bc2 34. h3
h5 35. Kh2 h4 36. Rc1 hxg3+ 0-1

[Event "Prague International Open"]
[Site "Prague CZE"]
[Date "2019.03.11"]
[Round "4.10"]
[White "Kriebel, Tadeas"]
[Black "Sharashenidze, Akaki"]
[Result "1-0"]
[WhiteTitle "IM"]
[BlackTitle "FM"]
[WhiteElo "2507"]
[BlackElo "2353"]
[WhiteFideId "330027"]
[BlackFideId "13601679"]
[EventDate "2019.03.09"]

1. e4 e5 2. Nf3 Nf6 3. Nxe5 d6 4. Nf3 Nxe4 5. Qe2 Qe7 6. d3 Nf6 7. Bg5 Qxe2+ 8.
Bxe2 Be7 9. Nc3 c6 10. O-O-O Na6 11. Rhe1 Nc7 12. Ne4 Nxe4 13. dxe4 Bxg5+ 14.
Nxg5 Ke7 15. f4 f6 16. Nf3 g6 17. c4 Be6 18. b3 a5 19. Nd4 Bf7 20. Bf3 Ne6 21.
Nf5+ gxf5 22. exf5 Kd7 23. fxe6+ Bxe6 24. Rd2 a4 25. Kb2 h5 26. Red1 Bg4 27.
Rxd6+ Kc7 28. Bxg4 hxg4 29. Rxf6 Rxh2 30. Rf7+ Kb6 31. Rd2 a3+ 32. Kc3 Re8 33.
Kb4 Re3 34. Rg7 g3 35. f5 Rh8 36. Kxa3 Rf8 37. Rg5 Ra8+ 38. Kb2 Rf8 39. a4 Ka6
40. Ka3 Rf7 41. Rd8 Kb6 42. Rdg8 Re2 43. Rxg3 Rxf5 44. R3g5 Rff2 45. Kb4 Rb2 46.
R8g6 Ka6 47. Ra5+ Kb6 48. c5+ Kc7 49. Rg7+ Kb8 50. Rg8+ Kc7 51. Raa8 Rxg2 52.
Rgd8 b5 53. Ka5 Kb7 54. Ra6 Kc7 55. Rda8 Kd7 56. R8a7+ Kd8 57. Rh7 1-0

[Event "Prague International Open"]
[Site "Prague CZE"]
[Date "2019.03.11"]
[Round "4.11"]
[White "Rasik, Vitezslav"]
[Black "Kramer, Julian"]
[Result "1/2-1/2"]
[WhiteTitle "GM"]
[BlackTitle "FM"]
[WhiteElo "2463"]
[BlackElo "2380"]
[WhiteFideId "300306"]
[BlackFideId "12921742"]
[EventDate "2019.03.09"]

1. e4 e5 2. Nf3 Nc6 3. Bb5 a6 4. Ba4 Nf6 5. d4 exd4 6. O-O Be7 7. Re1 O-O 8. e5
Nd5 9. Nxd4 Nxd4 10. Qxd4 Nb6 11. Bb3 c5 12. Qe4 d5 13. exd6 Bxd6 14. Bf4 Bxf4
15. Qxf4 Bd7 16. Na3 Qb8 17. Qg5 Qc7 18. Re7 Rae8 19. Rd1 c4 20. Nxc4 Nxc4 21.
Bxc4 Rxe7 22. Qxe7 Qxc4 23. Qxd7 Qxc2 24. b4 Qxa2 25. Qxb7 Qb3 26. Re1 a5 27. b5
a4 28. b6 a3 29. Qa7 a2 30. b7 Qb1 31. Rf1 a1=Q 32. Qxa1 1/2-1/2

[Event "Prague International Open"]
[Site "Prague CZE"]
[Date "2019.03.11"]
[Round "4.12"]
[White "Pulpan, Jakub"]
[Black "Krzywda, Andrzej"]
[Result "1-0"]
[WhiteTitle "IM"]
[BlackTitle "CM"]
[WhiteElo "2417"]
[BlackElo "2188"]
[WhiteFideId "302759"]
[BlackFideId "1114565"]
[EventDate "2019.03.09"]

1. d4 Nf6 2. Nf3 e6 3. c4 b6 4. g3 Bb7 5. Bg2 c5 6. d5 exd5 7. Nh4 g6 8. Nc3 Bg7
9. O-O O-O 10. cxd5 d6 11. e4 Re8 12. Re1 a6 13. a4 Nbd7 14. f4 c4 15. Be3 Rc8
16. h3 Nc5 17. Bxc5 Rxc5 18. Kh2 b5 19. axb5 axb5 20. e5 dxe5 21. fxe5 Nd7 22.
e6 Ne5 23. Ra7 Qb8 24. Rxb7 Qxb7 25. d6 Qb8 26. d7 Rd8 27. e7 Rxd7 28. Qxd7 Nxd7
29. e8=Q+ Qxe8 30. Rxe8+ Nf8 31. Rb8 Be5 32. Rb7 Ne6 33. Ne4 Rc8 34. Rxb5 Bb8
35. Nf3 f5 36. Ned2 Nc5 37. Nxc4 Bxg3+ 38. Kxg3 Ne4+ 39. Kf4 Rxc4 40. Ne5 Ra4
41. Bxe4 Rxe4+ 42. Kg5 Rd4 43. Rb8+ Kg7 44. Rb7+ Kg8 45. Nd7 f4 46. Nf6+ Kf8 47.
Nxh7+ Ke8 48. Nf6+ Kd8 49. Rb3 Ke7 50. Rf3 1-0

[Event "Prague International Open"]
[Site "Prague CZE"]
[Date "2019.03.11"]
[Round "4.13"]
[White "Rakotomaharo, Fy Antenaina"]
[Black "Freisler, Pavel"]
[Result "1-0"]
[WhiteTitle "IM"]
[BlackTitle "IM"]
[WhiteElo "2409"]
[BlackElo "2238"]
[WhiteFideId "13100050"]
[BlackFideId "301477"]
[EventDate "2019.03.09"]

1. e4 e5 2. Nf3 Nc6 3. Bb5 a6 4. Ba4 Nf6 5. O-O Nxe4 6. d4 b5 7. Bb3 d5 8. dxe5
Be6 9. Qe2 Bc5 10. Be3 Bxe3 11. Qxe3 Qb8 12. Rd1 Ne7 13. Nbd2 Nxd2 14. Rxd2 c6
15. c3 Qc7 16. Bc2 Qd7 17. Nd4 O-O 18. a4 Rfc8 19. Nb3 Bf5 20. Nc5 Qc7 21. a5
Re8 22. f4 Bxc2 23. Rxc2 Nf5 24. Qf2 g6 25. b4 Qe7 26. Rcc1 Ng7 27. Nb3 Ne6 28.
Re1 c5 29. f5 gxf5 30. bxc5 Rac8 31. Qxf5 Nxc5 32. Nd2 Rc6 33. Re3 Rg6 34. Rf1
Qe6 35. Qf2 Nd7 36. Nf3 Qg4 37. Nh4 Qe6 38. Nxg6 hxg6 39. Qg3 Nc5 40. Rfe1 f6
41. Qxg6+ 1-0

[Event "Prague International Open"]
[Site "Prague CZE"]
[Date "2019.03.11"]
[Round "4.14"]
[White "Svanda, Ondrej"]
[Black "Vorobiov, Evgeny E."]
[Result "1/2-1/2"]
[WhiteTitle "FM"]
[BlackTitle "GM"]
[WhiteElo "2298"]
[BlackElo "2566"]
[WhiteFideId "359670"]
[BlackFideId "4121341"]
[EventDate "2019.03.09"]

1. c4 Nf6 2. g3 c6 3. Nf3 d5 4. b3 Bg4 5. Bb2 Bxf3 6. exf3 e6 7. Bg2 Nbd7 8. O-O
Bd6 9. d4 O-O 10. Nc3 dxc4 11. bxc4 e5 12. Ne4 Nxe4 13. fxe4 exd4 14. Bxd4 Be5
15. Rb1 Qc7 16. Be3 Rfd8 17. Qc2 Nf8 1/2-1/2

[Event "Prague International Open"]
[Site "Prague CZE"]
[Date "2019.03.11"]
[Round "4.15"]
[White "Popovic, Dusan"]
[Black "Pettersson, Lars-Erik"]
[Result "1-0"]
[WhiteTitle "GM"]
[BlackTitle "FM"]
[WhiteElo "2511"]
[BlackElo "2295"]
[WhiteFideId "927031"]
[BlackFideId "1700634"]
[EventDate "2019.03.09"]

1. e4 c5 2. Nf3 d6 3. d4 cxd4 4. Nxd4 Nf6 5. Nc3 a6 6. Be2 e5 7. Nf3 Be7 8. Bg5
Be6 9. Bxf6 Bxf6 10. Nd5 Bxd5 11. Qxd5 Qc7 12. Bc4 O-O 13. O-O Nd7 14. Bb3 Nc5
15. Rfe1 Rac8 16. c3 Be7 17. Qd1 Nxb3 18. axb3 f5 19. Qd5+ Kh8 20. exf5 Rxf5 21.
Nd2 Qc5 22. Qxc5 Rxc5 23. Nc4 Kg8 24. Ne3 Rf8 25. b4 Rc6 26. g3 Kf7 27. Nd5 Bd8
28. f4 exf4 29. Nxf4 Re8 30. Kg2 Rxe1 31. Rxe1 Bf6 32. Rf1 Be5 33. Nd3+ Ke6 34.
Nf4+ Bxf4 35. Rxf4 Rc7 36. Kf3 Rf7 37. Rxf7 Kxf7 38. Ke4 Ke6 39. c4 Kd7 40. Kd5
Ke7 41. c5 dxc5 42. Kxc5 Kd7 43. Kb6 Kc8 44. g4 Kb8 45. g5 Kc8 46. b5 axb5 47.
Kxb5 Kc7 48. Kc5 Kd7 49. Kb6 Kc8 50. b3 Kb8 51. b4 h5 52. g6 h4 53. h3 Ka8 54.
Kc7 Ka7 55. b5 Ka8 56. Kd7 1-0

[Event "Prague International Open"]
[Site "Prague CZE"]
[Date "2019.03.11"]
[Round "4.16"]
[White "Simek, Petr2"]
[Black "Kashlinskaya, Alina"]
[Result "1/2-1/2"]
[WhiteTitle "FM"]
[BlackTitle "IM"]
[WhiteElo "2290"]
[BlackElo "2470"]
[WhiteFideId "319260"]
[BlackFideId "4198026"]
[EventDate "2019.03.09"]

1. d4 Nf6 2. c4 e6 3. g3 d5 4. Bg2 Bb4+ 5. Bd2 Be7 6. Nf3 O-O 7. O-O Nbd7 8. Qc2
c6 9. Rd1 b6 10. Bf4 Ba6 11. Ne5 Rc8 12. cxd5 Nxd5 13. Nc3 Nxe5 14. Bxe5 f6 15.
Bf4 Nxf4 16. gxf4 f5 17. Qa4 Bb7 18. Qxa7 Qc7 19. Nb5 Qd7 20. Nc3 Qc7 21. Nb5
Qd7 22. Nc3 Qc7 23. Nb5 1/2-1/2

[Event "Prague International Open"]
[Site "Prague CZE"]
[Date "2019.03.11"]
[Round "4.17"]
[White "Stachowiak, Kamil"]
[Black "Slampa, Jan"]
[Result "1-0"]
[WhiteTitle "IM"]
[WhiteElo "2433"]
[BlackElo "2255"]
[WhiteFideId "1119966"]
[BlackFideId "332330"]
[EventDate "2019.03.09"]

1. Nf3 Nf6 2. g3 d5 3. Bg2 c6 4. c4 a6 5. O-O h6 6. Qc2 e6 7. d4 Be7 8. b3 O-O
9. Bb2 Ne4 10. Ne5 f5 11. f3 Nf6 12. Ng6 Re8 13. Nxe7+ Rxe7 14. Nd2 b5 15. e4 a5
16. Rfe1 Na6 17. exf5 exf5 18. cxb5 cxb5 19. Nf1 Bd7 20. Qd2 Rxe1 21. Rxe1 Rc8
22. Ne3 Nb8 23. Bf1 b4 24. Bd3 g6 25. Ng2 Kg7 26. Bc1 Ng8 27. Nf4 Qb6 28. Kg2
Qc6 29. Bb2 Qd6 30. Re5 Nf6 31. Qe3 Nc6 32. h4 Rf8 33. Ne6+ Bxe6 34. Rxe6 Qc7
35. Qc1 Rc8 36. Ba6 Nd8 37. Bxc8 1-0

[Event "Prague International Open"]
[Site "Prague CZE"]
[Date "2019.03.11"]
[Round "4.18"]
[White "Souleidis, Georgios"]
[Black "Docekal, Jan"]
[Result "0-1"]
[WhiteTitle "IM"]
[WhiteElo "2423"]
[BlackElo "2269"]
[WhiteFideId "4206827"]
[BlackFideId "320625"]
[EventDate "2019.03.09"]

1. e4 c5 2. Nc3 d6 3. d4 cxd4 4. Qxd4 e5 5. Qd2 Nf6 6. g3 Be7 7. Bg2 a6 8. Nge2
Nbd7 9. a4 b6 10. Nd5 Nxd5 11. Qxd5 Rb8 12. Nc3 O-O 13. O-O Nf6 14. Qd3 Qc7 15.
Bg5 Bb7 16. Rfd1 Rfd8 17. Bxf6 Bxf6 18. Qe2 Be7 19. h4 g6 20. Nd5 Bxd5 21. Rxd5
Rdc8 22. c3 Qb7 23. Bf1 Ra8 24. Rad1 Rc7 25. Qd3 Qc8 26. Rd2 Kg7 27. Kh2 Qe8 28.
Qc2 Qc6 29. Qb3 Qb7 30. Qd1 Rf8 31. Qe2 Ra8 32. Rd1 Qc6 33. Qc2 Rca7 34. R1d2
Rf8 35. Bg2 Rc7 36. Qb3 Rb8 37. Bf1 Ra8 38. R5d3 Raa7 39. Bg2 Rc8 40. Rf3 Rf8
41. Rd1 Rc7 42. Re3 Ra7 43. Re2 Re8 44. Red2 Rf8 45. Ra1 Rc8 46. Qd5 Qe8 47. Qd3
Rcc7 48. Qe3 Qc6 49. Bf3 Rc8 50. a5 Rb7 51. axb6 Rxb6 52. Qd3 Rcb8 53. b4 Rc8
54. Ra3 h5 55. Rda2 Qb7 56. Be2 Rbc6 57. Qe3 a5 58. bxa5 d5 59. exd5 Rf6 60. c4
Bxa3 61. Rxa3 Qb2 62. Kg2 e4 63. a6 Ra8 64. c5 Qe5 65. d6 Qd5 66. Kg1 Kh7 67. a7
Rf5 68. Ra5 Qb7 69. Qa3 Qb1+ 70. Kg2 Qe1 71. Qe3 Qxa5 72. c6 Rxa7 73. c7 Rxc7
74. dxc7 Qxc7 75. Qxe4 Qc5 76. Bf3 Kg7 77. Qd3 Rf6 78. Qe2 Rb6 79. Qd2 Qe5 80.
Qd7 Rd6 81. Qc7 Qf6 82. Qc2 Rb6 83. Qd3 Qe5 84. Be2 Rb2 85. Bf1 Ra2 86. Qf3 Qd4
87. Kg1 Rc2 88. Kg2 Rc1 89. Qe2 Qd5+ 90. Kg1 Rd1 91. Qb2+ Kh7 92. Qe2 Kg7 93.
Qb2+ Kg8 94. Qe2 Kh7 95. Qc2 Re1 96. Qc3 Qe4 97. Qb3 Qf5 98. Qc3 Rb1 99. Qc4 Qf3
100. Qc2 Rd1 101. Qc4 Rd2 102. Qc5 Rb2 103. Qd4 Rb1 104. Qc4 Rd1 105. Qc2 Qd5
106. Qe2 Qd4 107. Qa2 Kg7 108. Qe2 Qa1 109. Qc4 Rd2 110. Qf4 Qe1 111. Kg2 Rd1
112. Qc4 Kg8 113. Qc8+ Kh7 114. Qc4 Kg7 115. Kg1 Rd2 116. Qf4 Rd5 117. Qc4 Qe5
118. Qb3 Rd2 119. Qf3 Rd7 120. Qb3 Rc7 121. Qd3 f5 122. Qf3 Re7 123. Bd3 Qd4
124. Bf1 Rf7 125. Bg2 Qe5 126. Bh3 f4 127. g4 hxg4 128. Bxg4 Rc7 129. Kg2 Kh6
130. Qa8 Kg7 131. Qf3 Kh7 132. Qd3 Kh6 133. Qd8 Rf7 134. Qd3 Qf6 135. Qd5 Re7
136. Qg8 Rf7 137. Qe8 Kg7 138. Kh3 Qa1 139. Kg2 Qf6 140. Kh3 Re7 141. Qd8 Re3+ 0-1

[Event "Prague International Open"]
[Site "Prague CZE"]
[Date "2019.03.11"]
[Round "4.19"]
[White "Gayun, Dmytro"]
[Black "Shagbazyan, Taron"]
[Result "0-1"]
[WhiteTitle "FM"]
[BlackTitle "FM"]
[WhiteElo "2260"]
[BlackElo "2421"]
[WhiteFideId "14141434"]
[BlackFideId "14122073"]
[EventDate "2019.03.09"]

1. d4 Nf6 2. c4 e6 3. Nc3 Bb4 4. Qc2 d5 5. Nf3 dxc4 6. Qa4+ Nc6 7. a3 Bxc3+ 8.
bxc3 Qd5 9. g3 Bd7 10. Qc2 e5 11. dxe5 Nxe5 12. Bg2 Bc6 13. Bf4 Nxf3+ 14. Bxf3
Qe6 15. Bxc6+ Qxc6 16. O-O O-O 17. Rfd1 Rad8 18. Rxd8 Rxd8 19. Rd1 Re8 20. Bg5
Ne4 21. Be3 a6 22. Qa2 h6 23. Rd4 b5 24. Qc2 Qe6 25. Rd1 h5 26. Bf4 h4 27. f3
Nc5 28. Kf2 Qf6 29. Rd5 Na4 30. Rd4 Nxc3 31. e3 Na4 32. Bxc7 hxg3+ 33. Bxg3 Nc5
34. Rh4 Nd3+ 35. Ke2 Qa1 36. a4 Qg1 0-1

[Event "Prague International Open"]
[Site "Prague CZE"]
[Date "2019.03.11"]
[Round "4.20"]
[White "Chittka, Julius"]
[Black "Rakesh, Kumar Jena"]
[Result "0-1"]
[BlackTitle "IM"]
[WhiteElo "2288"]
[BlackElo "2416"]
[WhiteFideId "12954772"]
[BlackFideId "5084822"]
[EventDate "2019.03.09"]

1. d4 Nf6 2. c4 e6 3. Nc3 Bb4 4. e3 O-O 5. Bd3 d5 6. Nf3 b6 7. O-O Bb7 8. cxd5
exd5 9. Ne5 Nbd7 10. Bd2 Nxe5 11. dxe5 Nd7 12. f4 Nc5 13. Qc2 d4 14. Bxh7+ Kh8
15. exd4 Qxd4+ 16. Kh1 g6 17. Bxg6 Rg8 18. f5 fxg6 19. Rf4 gxf5 20. Rxd4 Bxg2+
21. Kg1 Be4+ 22. Kf1 Bxc2 23. Rxb4 Bd3+ 24. Kf2 Be4 25. Nxe4 fxe4 26. Ke3 Raf8
27. Rxe4 Nxe4 28. Kxe4 Rg4+ 29. Ke3 Rh4 30. Bc3 Re8 31. Rd1 Rxh2 32. Ke4 Kg8 33.
Rg1+ Kf7 34. Kd5 Rh6 35. e6+ Rexe6 36. Rg7+ Ke8 37. Rxc7 Re7 38. Rc8+ Kd7 39.
Ra8 Rh5+ 40. Kc4 Kc6 41. Rg8 Re4+ 42. Kd3 Reh4 43. a3 Kb5 44. Rg7 Rh7 45. Rg6
Ka4 46. Rg5 a6 47. Kc2 Rh2+ 48. Kb1 Kb3 49. Bd4 Rh1+ 50. Bg1 R7h3 51. Rg4 a5 52.
Rg6 b5 53. Rg5 b4 54. axb4 Rf3 0-1

[Event "Prague International Open"]
[Site "Prague CZE"]
[Date "2019.03.11"]
[Round "4.30"]
[White "Giacomini, Hector"]
[Black "Skomorokhin, Roman"]
[Result "1/2-1/2"]
[BlackTitle "IM"]
[WhiteElo "2176"]
[BlackElo "2323"]
[WhiteFideId "605352"]
[BlackFideId "4112610"]
[EventDate "2019.03.09"]

1. Nf3 d5 2. e3 Nf6 3. d4 e6 4. Bd3 Bd6 5. Nbd2 c5 6. c3 Nbd7 7. O-O O-O 8. Re1
e5 9. e4 cxd4 10. cxd4 Qc7 11. exd5 exd4 12. Ne4 Bb4 13. Bd2 Nxd5 14. Rc1 Qb6
15. Rc4 Bxd2 16. Qxd2 N7f6 17. Nxd4 Bd7 18. Nc5 Rfe8 19. Nxd7 Nxd7 20. Rcc1
Rxe1+ 21. Rxe1 Qf6 22. g3 Ne5 23. Be4 Rd8 24. Qe2 a6 25. Nf3 Nc6 26. Rd1 1/2-1/2

[Event "Prague International Open"]
[Site "Prague CZE"]
[Date "2019.03.11"]
[Round "4.35"]
[White "Demuth, Adrien"]
[Black "Hurtak, Otto"]
[Result "1-0"]
[WhiteTitle "GM"]
[WhiteElo "2510"]
[BlackElo "2015"]
[WhiteFideId "642274"]
[BlackFideId "383309"]
[EventDate "2019.03.09"]

1. e4 c5 2. Nf3 g6 3. c3 d5 4. e5 Bg4 5. d4 e6 6. Nbd2 Nc6 7. Bb5 cxd4 8. Qa4
Qc7 9. Nxd4 Qxe5+ 10. Kf1 Ne7 11. Nxc6 bxc6 12. Bxc6+ Nxc6 13. Qxc6+ Ke7 14.
Qxa8 Qe2+ 15. Kg1 Bh6 16. Qxa7+ Kf8 17. Nf1 Bxc1 18. Rxc1 Qxb2 19. Qe3 h5 20.
Qd4 1-0

[Event "Prague International Open"]
[Site "Prague CZE"]
[Date "2019.03.11"]
[Round "4.37"]
[White "Sabuk, Piotr"]
[Black "Kubicka, Anna"]
[Result "1/2-1/2"]
[WhiteTitle "IM"]
[BlackTitle "WIM"]
[WhiteElo "2391"]
[BlackElo "2152"]
[WhiteFideId "1137565"]
[BlackFideId "1152254"]
[EventDate "2019.03.09"]

1. d4 Nf6 2. c4 e6 3. Nf3 d5 4. g3 dxc4 5. Bg2 Bb4+ 6. Bd2 a5 7. Qc2 Bxd2+ 8.
Qxd2 c6 9. a4 Ne4 10. Qc2 Nd6 11. Ne5 Na6 12. Na3 Nb4 13. Qd2 f6 14. Nf3 O-O 15.
O-O b5 16. Rac1 Ba6 17. Qd1 Nd5 18. Re1 b4 19. Nb1 b3 20. Bf1 Ne4 21. e3 Nb6 22.
Nfd2 Nxd2 1/2-1/2

[Event "Prague International Open"]
[Site "Prague CZE"]
[Date "2019.03.11"]
[Round "4.41"]
[White "Belous, Mikhail"]
[Black "Novotny, Martin"]
[Result "1-0"]
[WhiteTitle "FM"]
[WhiteElo "2300"]
[BlackElo "2069"]
[WhiteFideId "14127555"]
[BlackFideId "383600"]
[EventDate "2019.03.09"]

1. d4 Nf6 2. c4 g6 3. f3 Bg7 4. e4 d6 5. Nc3 O-O 6. Be3 a6 7. Nge2 Nbd7 8. Qd2
c5 9. dxc5 dxc5 10. Rd1 b6 11. e5 Ne8 12. f4 e6 13. Ng3 Qc7 14. Nge4 Nb8 15. h4
Bb7 16. h5 f6 17. hxg6 hxg6 18. Qc2 fxe5 19. Ng5 Rf6 20. Nce4 Rf5 21. g4 exf4
22. gxf5 fxe3 23. Qh2 Qc6 24. Qh7+ Kf8 25. Rd6 Nxd6 26. Nxd6 Ke7 27. Qxg7+ Kxd6
28. Nf7+ 1-0

[Event "Prague International Open"]
[Site "Prague CZE"]
[Date "2019.03.11"]
[Round "4.42"]
[White "Kaderabek, Jiri"]
[Black "Vybiral, Zdenek"]
[Result "1/2-1/2"]
[WhiteElo "2120"]
[BlackElo "2274"]
[WhiteFideId "306711"]
[BlackFideId "305200"]
[EventDate "2019.03.09"]

1. e4 e6 2. d4 d5 3. exd5 exd5 4. c4 Nf6 5. Nc3 Bb4 6. Bd3 O-O 7. Nf3 Re8+ 8.
Be3 dxc4 9. Bxc4 Be6 10. Bxe6 Rxe6 11. O-O Nc6 12. Bg5 Bxc3 13. bxc3 Qd5 14. Qb3
Na5 15. Qb4 Ne4 16. Bf4 Nd6 17. Rfe1 Rae8 18. Rxe6 Rxe6 19. Bxd6 cxd6 20. a4 b6
21. Qb5 Qc4 22. Qd7 h6 23. Qxa7 Qxc3 24. Rf1 Nc4 25. h3 g6 26. Qb7 Kg7 27. Qc6
Qd3 28. Rc1 Nd2 29. Nxd2 Qxd2 30. d5 Re5 31. Rb1 Rxd5 32. Qxb6 Rc5 33. Qb2+ 1/2-1/2